00758nam a2200217 a 450000100100000000500170001000800410002704000250006808200180009310000400011124500730015125000120022426000330023630000410026965000200031065000310033070000280036104900090038995201250039899900170052300002494020240509192331.0110208s1966 dr a r 000 0 spa d aDO-SdBNPbspacBNPHU a306.81bA926m1 aAun Weor , Samaeld1917-197794725010aEl Matrimonio Perfecto /cSamael Aun Weor ; prefacio Julio Medina V. a10a ed. a[S. l. ] :bHadit,c[1966?]. a267, [5] p. :bil., retrs. ;c20 cm. 0aMatrimonio9797 4aSexo en el matrimonio98041 aMedina V., Julio941866 aBNGR 001054708PDaGRbGRcCTd2011-02-08iLF1l0o306.81 A926mp24940-10r2020-06-25w2020-06-25yLFPDZPréstamo en sala c24433d24433